| 000 | 00656nam a22001577a 4500 | ||
|---|---|---|---|
| 008 | 170817b xxu||||| |||| 00| 0 eng d | ||
| 082 |
_22016 _aUT 0869 _bSa55 |
||
| 100 |
_922265 _aSanchez, Fearly Jean C. |
||
| 245 |
_aModeling the Fluctuation of Seaweed Price in the Livelihood of the Planters in Badiang, Sinawilan, Digos City/ _cFearly Jean C. Sanchez, Lyca G. Bedolido, Claudine A. Sasi. |
||
| 260 |
_aDigos City: _bUMDC _cApril 2016. |
||
| 300 |
_a51 pages; _c30 cm. |
||
| 650 | 0 |
_922266 _aBusiness Administration _vFinancial Management _xUndergraduate thesis. |
|
| 700 |
_922267 _aBedolido, Lyca G. |
||
| 700 |
_922268 _aSasi, Claudine A. |
||
| 942 |
_2ddc _cUT |
||
| 999 |
_c7327 _d7327 |
||